LEADER 01488nam a2200337 u 4500 001 000000010668 003 CaOOAMICUS 005 20070226105337.0 008 940516s1948 fr u000 u fre u 035 $a10265058 040 $aPUL(R)$bita 041 1 $afre$heng 100 1 $aD'Arcy, Martin Cyril,$d1888-1976.$0(OLS)http://pul/name/10457 240 10$aMind and heart of love : lion and unicorn : a study in eros and agape.$lFrancese.$0(OLS)http://pul/title/15555 245 13$aLa double nature de l'amour /$cM.C. D'Arcy ; traduit de l'anglais par Emile Pin et Jean Mambrino. 260 $aParis :$bAubier,$c1948. 300 $a352 p. ;$c23 cm 490 1 $aThéologie ;$v14 504 $aNote bibliografiche. 650 4$aAmore.$0(OLS)http://pul/subject/6902 700 1 $aMambrino, Jean.$0(OLS)http://pul/name/10459 700 1 $aPin, Emile,$cS.I.$0(OLS)http://pul/name/10458 830 0$aThéologie (Aubier) ;$v14.$0(OLS)http://pul/title/3678 850 $aPUL 852 $aPUL$W1$xSL Religione 2$y84$mTheol A8 14$j15149$nBK-PRI$b $qStampati altre collocazioni$B15149$CPULBib$Z2$F15149 $H $81 852 $aPUL$W1$xDP1 Fondo Bordoni$y120$m3 G 96.14$j173441$qFondi$B175707$CPULBib$Z2$F175707 $HBor620 $81 941 1 $a1 941 1 $a10 961 $aINV: 25175 996 $6245$aLa double nature de l'amour$9(OLS)http://pul/title/15556 996 $6260$aParis :$bAubier$9(OLS)http://pul/publisher/48219 LEADER 01430nam a2200325 u 4500 001 000000045571 003 CaOOAMICUS 005 20070226114658.0 008 990607s1992 it u000 u ita u 020 $a8810101537 035 $a10825731 040 $aPUL(R)$bita 245 00$aNuove mete dell'azione sociale :$bla "Rerum novarum" tra passato e futuro /$ca cura di Angelo Cavagna. 260 $aBologna :$bEdizioni Dehoniane Bologna,$cc1992. 300 $a272 p. ;$c22 cm 490 1 $aFormazione e vita sociale 504 $aBibliografia in nota. 610 24$aPapi (1878-1903 : Leo PP. XIII).$tRerum novarum.$0(OLS)http://pul/subject/7220 650 4$aDottrina sociale della Chiesa.$0(OLS)http://pul/subject/33229 700 1 $aCavagna, Angelo.$0(OLS)http://pul/name/33239 830 0$aFormazione e vita sociale.$0(OLS)http://pul/title/56831 850 $aPUL 852 $aPUL$W1$xDP1 Cons. Gen., Altre Classi 1$y22$m43 G 51$j61210$nBK-PRI$b $qStampati$B61210$CPULBib$Z2$F61210 $H $81 941 1 $a8 960 $aDottrina sociale cristiana$933229 960 $aRerum novarum$97220 961 $aINV: 69173 996 $6020$a8810101537$9(OLS)http://pul/number/56817 996 $6245$aNuove mete dell'azione sociale :$bla "Rerum novarum" tra passato e futuro$9(OLS)http://pul/title/61447 996 $6260$aBologna :$bEdizioni Dehoniane Bologna$9(OLS)http://pul/publisher/60955